[Event "GER-chT U16"]
[Site "Magdeburg"]
[Date "2023.12.28"]
[Round "3.1"]
[White "Bungarten, Jona"]
[Black "Fuhrmann, Bahne"]
[Result "1-0"]
[WhiteElo "2085"]
[BlackElo "2032"]
[PlyCount "53"]
[EventDate "2023.12.26"]
[EventType "team-swiss"]
[EventRounds "7"]
[EventCountry "GER"]
[SourceTitle "CB03_2024"]
[SourceDate "2024.01.17"]
[SourceVersion "1"]
[SourceVersionDate "2024.01.17"]
[SourceQuality "1"]
[WhiteTeam "Brackel"]
[BlackTeam "Hamburger SK"]
[WhiteTeamCountry "GER"]
[BlackTeamCountry "GER"]

1. e4 e5 2. f4 exf4 3. Nf3 Be7 4. Bc4 Nf6 5. Nc3 d5 6. Bxd5 g5 7. d4 Bb4 8. Qe2 Nxd5 9. exd5+ Kf8 10. 0-0 Bg4 11. Qb5 Bxc3 12. bxc3 Bxf3 13. Rxf3 Kg7 14. g3 Qd7 15. Qxb7 Re8 16. Bxf4 gxf4 17. Qxa8 Qg4 18. d6 c6 19. Rxf4 Qd7 20. Raf1 Rf8 21. d5 Qxd6 22. Qxa7 Qxd5 23. Qd4+ f6 24. Qxd5 cxd5 25. c4 Rc8 26. cxd5 Rxc2 27. Rxf6 1-0

[Event "GER-chT Lands U20"]
[Site "Hannover"]
[Date "2023.10.03"]
[Round "4"]
[White "Kalina, Lena"]
[Black "Fuhrmann, Bahne"]
[Result "1/2-1/2"]
[WhiteElo "1750"]
[BlackElo "2115"]
[PlyCount "98"]
[EventDate "2023.10.01"]
[EventType "team-swiss"]
[EventRounds "7"]
[EventCountry "GER"]
[SourceTitle "EXT 2024"]
[Source "ChessBase"]
[SourceDate "2023.10.10"]
[SourceVersion "1"]
[SourceVersionDate "2023.10.10"]
[SourceQuality "1"]

1. d4 Nf6 2. c4 g6 3. Nf3 Bg7 4. g3 d5 5. cxd5 Nxd5 6. e4 Nb6 7. h3 Nc6 8. Be3 0-0 9. Nc3 Na5 10. Bg2 Nac4 11. Bc1 c5 12. d5 f5 13. Nd2 fxe4 14. Ndxe4 Bd4 15. 0-0 Bf5 16. Qe2 Bxe4 17. Bxe4 Nd6 18. Bg2 Nbc4 19. Bg5 Rf7 20. Rac1 Qf8 21. Rc2 Nxb2 22. Be3 Bxe3 23. Qxe3 Nbc4 24. Qxc5 Qg7 25. Ne4 Rff8 26. Nxd6 Nxd6 27. Qc3 b5 28. Qxg7+ Kxg7 29. Rc7 Kf6 30. Re1 Rf7 31. Re6+ Kg7 32. Rexe7 Kf8 33. Rxf7+ Nxf7 34. d6 Rd8 35. d7 a6 36. Ra7 Ne5 37. Rxa6 Rxd7 38. Rb6 Rd1+ 39. Kh2 Rb1 40. Bd5 Rb2 41. Kg1 Nd3 42. f4 Nc1 43. Bc4 Nxa2 44. Bxa2 Rxa2 45. Rxb5 Kf7 46. Kf1 h6 47. h4 h5 48. Re5 Kf6 49. Re2 Ra5 1/2-1/2

[Event "GER-ch U16"]
[Site "Willingen"]
[Date "2023.05.30"]
[Round "4"]
[White "Zhou, Lepu Coco"]
[Black "Fuhrmann, Bahne"]
[Result "1/2-1/2"]
[WhiteElo "2001"]
[BlackElo "2066"]
[PlyCount "48"]
[EventDate "2023.05.27"]
[EventType "swiss"]
[EventRounds "9"]
[EventCountry "GER"]
[SourceTitle "CBM 214 Extra"]
[Source "ChessBase"]
[SourceDate "2023.07.31"]
[SourceVersion "1"]
[SourceVersionDate "2023.07.31"]
[SourceQuality "1"]

1. e4 e5 2. Nf3 Nc6 3. d4 exd4 4. Nxd4 Nf6 5. Nc3 Bb4 6. Nxc6 bxc6 7. Bd3 d5 8. exd5 0-0 9. 0-0 cxd5 10. Bg5 Be6 11. Bb5 h6 12. Bxf6 Qxf6 13. Nxd5 Bxd5 14. Qxd5 Qxb2 15. Rab1 Qc3 16. Qe4 Bd6 17. Rfe1 Rab8 18. Bd3 g6 19. Bc4 Qf6 20. Rxb8 Rxb8 21. g3 Bc5 22. Re2 Rd8 23. Kg2 Kg7 24. Qe5 Bb6 1/2-1/2

[Event "GER-chT U16"]
[Site "Darmstadt"]
[Date "2022.12.29"]
[Round "5"]
[White "Ermitsch, Magnus"]
[Black "Fuhrmann, Bahne"]
[Result "1-0"]
[WhiteElo "2215"]
[BlackElo "2042"]
[PlyCount "89"]
[EventDate "2022.12.26"]
[EventType "team-swiss"]
[EventRounds "7"]
[EventCountry "GER"]
[SourceTitle "CBM 212 Extra"]
[Source "ChessBase"]
[SourceDate "2023.03.31"]
[SourceVersion "1"]
[SourceVersionDate "2023.03.31"]
[SourceQuality "1"]
[WhiteTeam "Lichtenberg Borussia"]
[BlackTeam "Hamburger SK"]
[WhiteTeamCountry "GER"]
[BlackTeamCountry "GER"]

1. e4 e5 2. Nf3 Nc6 3. Bb5 a6 4. Ba4 Nf6 5. 0-0 Nxe4 6. d4 Be7 7. Re1 b5 8. Rxe4 d5 9. Nxe5 Nxe5 10. Rxe5 bxa4 11. Qe2 Be6 12. f4 g6 13. f5 gxf5 14. Nc3 a3 15. b3 c6 16. Bf4 Qb6 17. Rd1 Rg8 18. Na4 Qd8 19. Nc5 Rg6 20. Nxe6 fxe6 21. Rxe6 Qd7 22. Re5 Rg4 23. Re1 Ra7 24. Rxe7+ Qxe7 25. Qd2 Qxe1+ 26. Qxe1+ Re7 27. Qd2 Re4 28. Be5 c5 29. c3 Rg6 30. g3 c4 31. b4 h5 32. Qd1 Rg5 33. Qa4+ Ke7 34. Kf2 Rg6 35. Qxa3 h4 36. b5+ Kf7 37. bxa6 hxg3+ 38. hxg3 Rh6 39. g4 f4 40. Qc5 Rh2+ 41. Kf3 Rh3+ 42. Kg2 Rhe3 43. Qxd5+ Ke8 44. Qxe4 Rxe4 45. Kf1 1-0

[Event "Hoogeveen op 25th"]
[Site "Hoogeveen"]
[Date "2022.10.22"]
[Round "9"]
[White "Fuhrmann, Bahne"]
[Black "Pouw, Marcel Andre"]
[Result "1-0"]
[WhiteElo "2063"]
[BlackElo "1862"]
[PlyCount "76"]
[EventDate "2022.10.15"]
[EventType "swiss"]
[EventRounds "9"]
[EventCountry "NED"]
[SourceTitle "CBM 210 Extra"]
[Source "ChessBase"]
[SourceDate "2022.11.30"]
[SourceVersion "1"]
[SourceVersionDate "2022.11.30"]
[SourceQuality "1"]

1. d4 e6 2. c4 Nf6 3. g3 d5 4. Bg2 Be7 5. Nf3 dxc4 6. 0-0 0-0 7. Na3 Bxa3 8. bxa3 Nbd7 9. a4 c6 10. Ba3 Re8 11. Rb1 Qa5 12. Bb4 Qh5 13. Qc2 e5 14. dxe5 Nxe5 15. Bc3 Bf5 16. Qb2 Bxb1 17. Nxe5 Bf5 18. Qxb7 Be4 19. f3 Bg6 20. g4 Qh6 21. f4 Nd5 22. Bd2 f6 23. Nxc6 Bf7 24. Bxd5 Bxd5 25. Ne7+ Kh8 26. Nxd5 Rab8 27. Qxa7 Rbd8 28. Qa5 Ra8 29. Qc5 Rxe2 30. Rf2 Ree8 31. Nb6 Rad8 32. Nxc4 Qg6 33. Qf5 Qf7 34. Ne3 g6 35. Qb5 Kg7 36. g5 Qe6 37. gxf6+ Kf7 38. Qc4 Rxd2 1-0

[Event "Hoogeveen op 25th"]
[Site "Hoogeveen"]
[Date "2022.10.18"]
[Round "4"]
[White "Avis, Fred"]
[Black "Fuhrmann, Bahne"]
[Result "0-1"]
[WhiteElo "1759"]
[BlackElo "2063"]
[PlyCount "66"]
[EventDate "2022.10.15"]
[EventType "swiss"]
[EventRounds "9"]
[EventCountry "NED"]
[SourceTitle "CBM 210 Extra"]
[Source "ChessBase"]
[SourceDate "2022.11.30"]
[SourceVersion "1"]
[SourceVersionDate "2022.11.30"]
[SourceQuality "1"]

1. d4 Nf6 2. Bg5 Ne4 3. Bf4 c5 4. f3 Qa5+ 5. c3 Nf6 6. Nd2 cxd4 7. Nc4 Qd8 8. cxd4 Nh5 9. Bxb8 Rxb8 10. e3 b5 11. Nd2 e5 12. g3 exd4 13. exd4 Qb6 14. Ne2 Be7 15. Bg2 0-0 16. 0-0 Nf6 17. Rc1 Bb7 18. Ne4 Rfe8 19. Nc5 d6 20. Nxb7 Rxb7 21. Qd3 Bf8 22. Nc3 Rbe7 23. Kh1 a6 24. Ne4 d5 25. Nc5 Re3 26. Qf5 g6 27. Qh3 Qa5 28. Qh4 Bg7 29. g4 Qd2 30. Nxa6 Qxb2 31. Qg3 Ne4 32. Qf4 Nf2+ 33. Kg1 Nd3 0-1

[Event "Hoogeveen op 25th"]
[Site "Hoogeveen"]
[Date "2022.10.17"]
[Round "3"]
[White "Fuhrmann, Bahne"]
[Black "Van den Berg, Bram"]
[Result "1/2-1/2"]
[WhiteElo "2063"]
[BlackElo "2190"]
[PlyCount "54"]
[EventDate "2022.10.15"]
[EventType "swiss"]
[EventRounds "9"]
[EventCountry "NED"]
[SourceTitle "CBM 210 Extra"]
[Source "ChessBase"]
[SourceDate "2022.11.30"]
[SourceVersion "1"]
[SourceVersionDate "2022.11.30"]
[SourceQuality "1"]

1. d4 d5 2. c4 c6 3. Nf3 dxc4 4. e3 Be6 5. Ne5 Nd7 6. Nxc4 b5 7. Ncd2 Nb6 8. Bd3 Nf6 9. Nc3 Qc7 10. b3 Rd8 11. Bb2 b4 12. Nce4 Nxe4 13. Nxe4 Bc8 14. Rc1 e6 15. Qe2 Bb7 16. 0-0 Nd5 17. Rc2 f5 18. Nc5 Bxc5 19. dxc5 0-0 20. f4 Qa5 21. Rfc1 Rf7 22. Be5 Rfd7 23. Bd6 Nc3 24. Qf1 Bc8 25. Bc4 Re8 26. a4 Ne4 27. Rd1 Qd8 1/2-1/2

[Event "Itzehoe op"]
[Site "Itzehoe"]
[Date "2022.10.01"]
[Round "1"]
[White "Kieckbusch, Lotta"]
[Black "Fuhrmann, Bahne"]
[Result "0-1"]
[WhiteElo "1271"]
[BlackElo "2063"]
[PlyCount "46"]
[EventDate "2022.10.01"]
[EventType "swiss"]
[EventRounds "5"]
[EventCountry "GER"]
[SourceTitle "CBM 210 Extra"]
[Source "ChessBase"]
[SourceDate "2022.11.30"]
[SourceVersion "1"]
[SourceVersionDate "2022.11.30"]
[SourceQuality "1"]

1. e4 e5 2. Nf3 Nc6 3. d4 exd4 4. Nxd4 Bc5 5. Nb3 Bb6 6. Nc3 Nf6 7. Qe2 0-0 8. Be3 Re8 9. f3 d5 10. 0-0-0 Qe7 11. Bg5 dxe4 12. Nxe4 Be6 13. Nxf6+ gxf6 14. Bh6 Qb4 15. f4 Bf5 16. Qf3 Re3 17. Qd5 Bg4 18. c3 Qe7 19. Rd2 Rd8 20. Qc4 Re1+ 21. Kc2 Rxd2+ 22. Nxd2 Bd1+ 23. Kd3 Re3# 0-1

[Event "Kiel op 34th"]
[Site "Kiel"]
[Date "2022.08.04"]
[Round "8"]
[White "Fuhrmann, Bahne"]
[Black "Kort, Felix"]
[Result "0-1"]
[WhiteElo "1973"]
[BlackElo "1858"]
[PlyCount "78"]
[EventDate "2022.07.30"]
[EventType "swiss"]
[EventRounds "9"]
[EventCountry "GER"]
[SourceTitle "CBM 209 Extra"]
[Source "ChessBase"]
[SourceDate "2022.09.30"]
[SourceVersion "1"]
[SourceVersionDate "2022.09.30"]
[SourceQuality "1"]

1. e4 e5 2. Nf3 Nc6 3. Bc4 Bc5 4. c3 Nf6 5. d4 exd4 6. b4 Bb6 7. e5 d5 8. exf6 dxc4 9. Qe2+ Be6 10. b5 Nb4 11. cxb4 Qxf6 12. 0-0 0-0 13. a4 a5 14. bxa6 bxa6 15. a5 Ba7 16. Bg5 Qg6 17. Nbd2 c3 18. Nxd4 Bxd4 19. Nf3 Bg4 20. Be3 Rfe8 21. Rfd1 Rad8 22. Rac1 Qe4 23. Qc4 Bxf3 24. Rxd4 Rxd4 25. Qxd4 Qg6 26. g3 c2 27. Qd7 Bc6 28. Qd4 Qh5 29. Rxc2 Qf3 30. Rxc6 Qxc6 31. Bd2 Qd6 32. Qc3 c6 33. h4 Qd5 34. h5 h6 35. Be3 Re6 36. Bd4 f6 37. g4 Re4 38. Bxf6 Rxg4+ 39. Kf1 Qd1+ 0-1

[Event "Kiel op 34th"]
[Site "Kiel"]
[Date "2022.07.31"]
[Round "3"]
[White "Legky, Nikolay A"]
[Black "Fuhrmann, Bahne"]
[Result "1-0"]
[WhiteElo "2374"]
[BlackElo "1973"]
[PlyCount "107"]
[EventDate "2022.07.30"]
[EventType "swiss"]
[EventRounds "9"]
[EventCountry "GER"]
[SourceTitle "CBM 209 Extra"]
[Source "ChessBase"]
[SourceDate "2022.09.30"]
[SourceVersion "1"]
[SourceVersionDate "2022.09.30"]
[SourceQuality "1"]

1. d4 Nf6 2. c4 g6 3. Nc3 d5 4. Bf4 Bg7 5. e3 0-0 6. cxd5 Nxd5 7. Nxd5 Qxd5 8. Bxc7 Nc6 9. Ne2 e5 10. dxe5 Qxd1+ 11. Rxd1 Nxe5 12. Nd4 b6 13. Be2 Bb7 14. 0-0 Rac8 15. Bd6 Rfd8 16. Bb4 a5 17. Bc3 Bd5 18. a3 Nc6 19. Rc1 a4 20. Rfd1 Na5 21. Ba6 Ra8 22. Bb5 Bb3 23. Re1 Rac8 24. Ne2 Nb7 25. Bxg7 Rxc1 26. Rxc1 Kxg7 27. Nd4 Nc5 28. Kf1 Rd5 29. Ke2 Kf6 30. Nxb3 Nxb3 31. Rc6+ Kg5 32. Bxa4 Rd2+ 33. Ke1 Rxb2 34. f4+ Kg4 35. Rd6 Nc5 36. Bd1+ Kh4 37. Rd2 Rb1 38. Rd4 f5 39. Kd2 Ra1 40. a4 Ra2+ 41. Bc2 Nb3+ 42. Kc3 Nxd4 43. exd4 Ra3+ 44. Bb3 Ra1 45. d5 Rc1+ 46. Bc2 Re1 47. Kd4 Re2 48. Bd3 Rxg2 49. d6 Ra2 50. Bb5 Rd2+ 51. Ke5 h6 52. d7 Kg4 53. Bc6 Re2+ 54. Kd6 1-0

[Event "GER-chT Lands U20"]
[Site "Neumuenster"]
[Date "2021.10.05"]
[Round "6.5"]
[White "Bock, Marlon"]
[Black "Fuhrmann, Bahne"]
[Result "0-1"]
[WhiteElo "1727"]
[BlackElo "1820"]
[PlyCount "66"]
[EventDate "2021.10.01"]
[EventType "team-swiss"]
[EventRounds "7"]
[EventCountry "GER"]
[SourceTitle "CBM 204 Extra"]
[Source "ChessBase"]
[SourceDate "2021.11.30"]
[SourceVersion "1"]
[SourceVersionDate "2021.11.30"]
[SourceQuality "1"]
[WhiteTeam "Thueringen"]
[BlackTeam "Hamburg"]
[WhiteTeamCountry "GER"]
[BlackTeamCountry "GER"]

1. d4 Nf6 2. Nf3 g6 3. Nc3 d5 4. Bf4 Bg7 5. Qd2 0-0 6. Bh6 c6 7. h4 Bxh6 8. Qxh6 Qb6 9. Qc1 c5 10. dxc5 Qxc5 11. e3 h5 12. Be2 Nc6 13. 0-0 e5 14. Na4 Qa5 15. b3 Bf5 16. c3 Rac8 17. Qe1 a6 18. Rc1 b5 19. Nc5 Qb6 20. b4 Rfd8 21. Nd2 d4 22. e4 Bd7 23. Ndb3 Be8 24. Kh1 dxc3 25. Qxc3 Nd4 26. Bf3 Nd7 27. Nxd7 Bxd7 28. Nc5 Qf6 29. Nxd7 Qxh4+ 30. Kg1 Rxc3 31. Rxc3 Rxd7 32. Rfc1 Nxf3+ 33. gxf3 Rd2 0-1

[Event "GER-chT U14"]
[Site "Willingen"]
[Date "2021.06.26"]
[Round "5.2"]
[White "Kiefhaber, Tobias"]
[Black "Fuhrmann, Bahne"]
[Result "0-1"]
[WhiteElo "1562"]
[BlackElo "1849"]
[PlyCount "42"]
[EventDate "2021.06.23"]
[EventType "team-swiss"]
[EventRounds "7"]
[EventCountry "GER"]
[SourceTitle "EXT 2022"]
[Source "ChessBase"]
[SourceDate "2021.10.06"]
[SourceVersion "1"]
[SourceVersionDate "2021.10.06"]
[SourceQuality "1"]
[WhiteTeam "Karlsruhe SF"]
[BlackTeam "Hamburger SK"]
[WhiteTeamCountry "GER"]
[BlackTeamCountry "GER"]

1. d4 Nf6 2. Nf3 d5 3. c4 e6 4. Nc3 a6 5. Bg5 dxc4 6. e4 b5 7. e5 h6 8. Bh4 g5 9. Nxg5 hxg5 10. Bxg5 Be7 11. Bxf6 Bxf6 12. exf6 Bb7 13. Qd2 Qxf6 14. 0-0-0 Nd7 15. d5 0-0-0 16. a4 Nc5 17. Qe3 Nb3+ 18. Kb1 Qf5+ 19. Ka2 exd5 20. Ne2 Qc2 21. g3 d4 0-1

[Event "GER-chT U14"]
[Site "Willingen"]
[Date "2021.06.26"]
[Round "6.1"]
[White "Korek, Jakob Alexander"]
[Black "Fuhrmann, Bahne"]
[Result "1/2-1/2"]
[WhiteElo "1663"]
[BlackElo "1849"]
[PlyCount "145"]
[EventDate "2021.06.23"]
[EventType "team-swiss"]
[EventRounds "7"]
[EventCountry "GER"]
[SourceTitle "EXT 2022"]
[Source "ChessBase"]
[SourceDate "2021.10.06"]
[SourceVersion "1"]
[SourceVersionDate "2021.10.06"]
[SourceQuality "1"]
[WhiteTeam "Koenigsjaeger Sued West"]
[BlackTeam "Hamburger SK"]
[WhiteTeamCountry "GER"]
[BlackTeamCountry "GER"]

1. d4 Nf6 2. c4 e6 3. g3 d5 4. Nf3 c5 5. cxd5 exd5 6. Bg2 Nc6 7. 0-0 c4 8. Nc3 Bb4 9. Qc2 0-0 10. Bg5 Bxc3 11. Qxc3 Bf5 12. Nh4 Be6 13. Rad1 Ne4 14. Bxd8 Nxc3 15. bxc3 Rfxd8 16. e4 Ne7 17. Rfe1 dxe4 18. Bxe4 Nd5 19. Bxd5 Rxd5 20. Ng2 Ra5 21. Ne3 b5 22. Rb1 g5 23. d5 Bd7 24. Rb2 Re8 25. Kf1 Bh3+ 26. Kg1 Bd7 27. Nc2 Rxe1+ 28. Nxe1 Ra3 29. Rc2 Bf5 30. d6 Kf8 31. Rd2 Bd7 32. Rc2 f6 33. Nf3 b4 34. Nd4 Rxc3 35. Rxc3 bxc3 36. Kf1 Ke8 37. Ke1 Ba4 38. Ne2 c2 39. Kd2 Kd7 40. Nc3 Bc6 41. Kxc2 Kxd6 42. Kd2 Kc5 43. a3 Kd4 44. Kc2 Be4+ 45. Kd2 Bc6 46. Kc2 a6 47. Kd2 Be4 48. Ne2+ Ke5 49. Ke3 Bd3 50. Nc3 Kf5 51. f3 Ke5 52. Nd1 Kd5 53. Nc3+ Kc5 54. Na4+ Kd5 55. Nc3+ Ke5 56. Nd1 h6 57. Nc3 Bc2 58. Na2 Ba4 59. Nc3 Bc6 60. Ne2 h5 61. Nc3 h4 62. Nd1 Kd5 63. Nc3+ Kc5 64. Nd1 c3 65. Nxc3 Kc4 66. Ne4 a5 67. f4 hxg3 68. hxg3 gxf4+ 69. gxf4 Kb3 70. Nxf6 Kxa3 71. Ne4 Kb4 72. Nc5 Kc3 73. f5 1/2-1/2

[Event "GER-chT U14"]
[Site "Willingen"]
[Date "2021.06.24"]
[Round "1.1"]
[White "Fuhrmann, Bahne"]
[Black "Buchinger, Alexis"]
[Result "1/2-1/2"]
[WhiteElo "1849"]
[BlackElo "1536"]
[PlyCount "147"]
[EventDate "2021.06.23"]
[EventType "team-swiss"]
[EventRounds "7"]
[EventCountry "GER"]
[SourceTitle "EXT 2022"]
[Source "ChessBase"]
[SourceDate "2021.10.06"]
[SourceVersion "1"]
[SourceVersionDate "2021.10.06"]
[SourceQuality "1"]
[WhiteTeam "Hamburger SK"]
[BlackTeam "Neuberg"]
[WhiteTeamCountry "GER"]
[BlackTeamCountry "GER"]

1. e4 d5 2. exd5 Qxd5 3. Nc3 Qa5 4. d4 Nf6 5. Bc4 Bg4 6. f3 Bf5 7. Bd2 Qb6 8. Qe2 Nc6 9. Na4 Qxd4 10. 0-0-0 0-0-0 11. Nh3 Qe5 12. Qf2 Bxh3 13. gxh3 Qd4 14. Qe2 Qe5 15. Be3 Nd5 16. Bxd5 Rxd5 17. Nc3 Rxd1+ 18. Rxd1 e6 19. Ne4 Bd6 20. Qf2 Kb8 21. Qg3 Qxe4 22. fxe4 Bxg3 23. hxg3 Kc8 24. g4 Rd8 25. Rxd8+ Kxd8 26. Kd2 Ke7 27. Bg5+ f6 28. Bf4 Kd7 29. Kd3 h6 30. a4 Nb4+ 31. Kd2 c5 32. c3 Nc6 33. Kd3 Ne7 34. Kc4 Kc6 35. Be3 b6 36. b4 cxb4 37. cxb4 a6 38. b5+ axb5+ 39. axb5+ Kc7 40. h4 Ng6 41. g5 hxg5 42. hxg5 Ne5+ 43. Kc3 Nf7 44. Bf4+ e5 45. gxf6 gxf6 46. Bg3 Nd6 47. Kd3 Nxb5 48. Bh4 Kd6 49. Bxf6 Nd4 50. Kc4 Ke6 51. Bh4 Ne2 52. Bf2 b5+ 53. Kxb5 Nc3+ 54. Kc4 Nxe4 55. Be3 Nd6+ 56. Kd3 Kd5 57. Bg1 Nf5 58. Bf2 e4+ 59. Kd2 Nd4 60. Be3 Kc4 61. Bf2 Nf3+ 62. Ke3 Kd5 63. Ke2 Ke5 64. Bg3+ Kf5 65. Ke3 Ne5 66. Bxe5 Kxe5 67. Ke2 Kf4 68. Kf2 Kf5 69. Ke3 Ke5 70. Ke2 Kd4 71. Kd2 e3+ 72. Ke2 Ke4 73. Ke1 Kf3 74. Kf1 1/2-1/2

[Event "GER-chT Christmas U16 Lasker"]
[Site "Playchess.com INT"]
[Date "2020.12.28"]
[Round "3.1"]
[White "Fuhrmann, Bahne"]
[Black "Blome, Johannes"]
[Result "0-1"]
[WhiteElo "1849"]
[BlackElo "1849"]
[PlyCount "72"]
[EventDate "2020.12.28"]
[EventType "team-swiss (blitz)"]
[EventRounds "7"]
[EventCountry "GER"]
[SourceTitle "CBM 200 Extra"]
[Source "ChessBase"]
[SourceDate "2021.03.31"]
[SourceVersion "1"]
[SourceVersionDate "2021.03.31"]
[SourceQuality "1"]
[WhiteTeam "Hamburger SK II"]
[BlackTeam "Hamburger SK III"]
[WhiteTeamCountry "GER"]
[BlackTeamCountry "GER"]

1. e4 c5 2. Nf3 e6 3. d3 Nc6 4. Nbd2 d5 5. g3 Nf6 6. Bg2 Be7 7. 0-0 0-0 8. Re1 Qc7 9. Nf1 b5 10. e5 Nd7 11. Bf4 a5 12. Ne3 Bb7 13. Ng4 Rfe8 14. h4 Bf8 15. h5 h6 16. Qd2 Kh7 17. Nh4 b4 18. c3 Qb6 19. c4 Nd4 20. b3 a4 21. Rab1 axb3 22. axb3 Ra3 23. Nh2 Nxb3 24. Rxb3 Rxb3 25. g4 d4 26. g5 Bxg2 27. Kxg2 Qb7+ 28. Kh3 hxg5 29. Bxg5 Nxe5 30. Rxe5 f6 31. Re1 fxg5 32. Qxg5 Rxd3+ 33. f3 Qf7 34. Ng4 Rxf3+ 35. Nxf3 Qxf3+ 36. Kh4 Be7 0-1

[Event "GER-chT Christmas U16 Lasker"]
[Site "Playchess.com INT"]
[Date "2020.12.28"]
[Round "5.1"]
[White "Fuhrmann, Bahne"]
[Black "Falke, Philipp"]
[Result "1-0"]
[WhiteElo "1849"]
[BlackElo "1334"]
[PlyCount "85"]
[EventDate "2020.12.28"]
[EventType "team-swiss (blitz)"]
[EventRounds "7"]
[EventCountry "GER"]
[SourceTitle "CBM 200 Extra"]
[Source "ChessBase"]
[SourceDate "2021.03.31"]
[SourceVersion "1"]
[SourceVersionDate "2021.03.31"]
[SourceQuality "1"]
[WhiteTeam "Hamburger SK II"]
[BlackTeam "Uelzen Post"]
[WhiteTeamCountry "GER"]
[BlackTeamCountry "GER"]

1. e4 c5 2. Nf3 d6 3. Bb5+ Bd7 4. Bxd7+ Nxd7 5. 0-0 e5 6. c3 g6 7. d3 Bg7 8. Be3 Ngf6 9. Nbd2 0-0 10. h3 Nb6 11. Nb3 Re8 12. Re1 Qd7 13. Qc2 Rac8 14. Rad1 d5 15. exd5 Nfxd5 16. Bxc5 Na4 17. Be3 b5 18. a3 a6 19. Qd2 Qe6 20. Bh6 Ndxc3 21. Bxg7 Kxg7 22. Nbd4 Qd5 23. Nf5+ gxf5 24. Qg5+ Kf8 25. Qh6+ Kg8 26. Qg5+ Kf8 27. Qh6+ Kg8 28. bxc3 Nxc3 29. Qg5+ Kf8 30. Qh6+ Kg8 31. Ng5 Nxd1 32. Nxh7 Rc6 33. Nf6+ Rxf6 34. Qxf6 Qe6 35. Qg5+ Qg6 36. Qxg6+ fxg6 37. Rxd1 Rd8 38. Kf1 e4 39. Ke2 exd3+ 40. Rxd3 Rc8 41. Rd6 Rc3 42. Rxa6 Rb3 43. Rxg6+ 1-0